Business Intelligence in Microsoft SharePoint 2013 /

Dive into the business intelligence features in SharePoint 2013-and use the right combination of tools to deliver compelling solutions. Take control of business intelligence (BI) with the tools offered by SharePoint 2013 and Microsoft SQL Server 2012. Led by a group of BI and SharePoint experts, you...

Full description

Bibliographic Details
Main Author: Mariano Teixeira Neto Norman P. Warren Stacia Misner, Ivan (Author)
Corporate Author: Safari, an O'Reilly Media Company
Format: eBook
Language:English
Published: Microsoft Press, 2013.
Edition:1st edition.
Subjects:
Online Access:Connect to this electronic resource

MARC

Tag First Indicator Second Indicator Subfields
LEADER 00000uam a2200000 a 4500
001 in00004138564
005 20260123213802.6
006 m o d
007 cr cn
008 010813s2013 xx o eng
020 |z 9780735675421 
020 |z 9780735675438 
020 |z 0735675430 
020 |z 0735675422 
035 |a (CaSebORM)9780735675421 
040 |d UtOrBLW 
041 0 |a eng 
100 1 |a Mariano Teixeira Neto Norman P. Warren Stacia Misner, Ivan,  |e author. 
245 1 0 |a Business Intelligence in Microsoft SharePoint 2013 /  |c Mariano Teixeira Neto Norman P. Warren Stacia Misner, Ivan. 
250 |a 1st edition. 
264 1 |b Microsoft Press,  |c 2013. 
300 |a 1 online resource (406 pages) 
336 |a text  |b txt  |2 rdacontent 
337 |a computer  |b c  |2 rdamedia 
338 |a online resource  |b cr  |2 rdacarrier 
347 |a text file 
520 |a Dive into the business intelligence features in SharePoint 2013-and use the right combination of tools to deliver compelling solutions. Take control of business intelligence (BI) with the tools offered by SharePoint 2013 and Microsoft SQL Server 2012. Led by a group of BI and SharePoint experts, you'll get step-by-step instructions for understanding how to use these technologies best in specific BI scenarios-whether you're a SharePoint administrator, SQL Server developer, or business analyst. Discover how to: Manage the entire BI lifecycle, from determining key performance indicators to building dashboards Use web-based Microsoft Excel services and publish workbooks on a SharePoint Server Mash up data from multiple sources and create Data Analysis Expressions (DAX) using PowerPivot Create data-driven diagrams that provide interactive processes and context with Microsoft Visio Services Use dashboards, scorecards, reports, and key performance indicators to monitor and analyze your business Use SharePoint to view BI reports side by side, no matter which tools were used to produced them 
533 |a Electronic reproduction.  |b Boston, MA :  |c Safari,  |n Available via World Wide Web.  |d 2013. 
538 |a Mode of access: World Wide Web. 
542 |f Copyright © 2013 Norman P. Warren, Mariano Teixeira Neto, Data Inspirations, Inc., Dimension Solutions, Scott A. Helmers  |g 2013 
588 |a Online resource; Title from title page (viewed May 15, 2013) 
500 |a Electronic resource. 
655 7 |a Electronic books.  |2 local 
710 2 |a Safari, an O'Reilly Media Company. 
856 4 0 |u https://proxy.library.tamu.edu/login?url=https://go.oreilly.com/TAMU/library/view/-/9780735675421/?ar  |z Connect to this electronic resource  |t 0 
999 f f |s e47548d2-fefa-336a-b4ca-eb525b27f017  |i 71de3bfd-50db-396d-b873-19a571ef67a8  |t 0 
952 f f |a Texas A&M University  |b College Station  |c Electronic Resources  |s www_evans  |d Available Online  |t 0  |h No information provided 
998 f f |t 0  |l Available Online